| 000 | 00567nam a22001457a 4500 | ||
|---|---|---|---|
| 008 | 140818b xxu||||| |||| 00| 0 eng d | ||
| 020 | _a0406090343 | ||
| 050 | _aKD276.2.L39(1873 vol.16) | ||
| 245 |
_aThe Law reports(1873 vol.16): Equity cases,including bankruptcy cases, before the master of the rolls, the Vice- chancellors, and the chief judge in bankruptcy./ _cEdited by: G. W Hemming, |
||
| 260 |
_aLondon: _bButterworth & co ltd., _c1873. |
||
| 300 |
_aXvi, 642p.: _c24cm. |
||
| 440 |
_pEquity cases _vVol. Xvi (16) |
||
| 800 | _aHemming, G. W | ||
| 942 |
_2lcc _cBK |
||
| 999 |
_c3449 _d10949 |
||